Migranti 2 - Statistics

Statistiche generali
  • Questo quiz è stato fatto 61 volte
  • Il punteggio medio è 23 su 35
Statistiche sulle risposte
Ranking Country % Corretto
United States Messico
95%
Switzerland, France, Brazil Italia
93%
France Marocco
89%
Russia Ucraina
89%
United States, Australia, United Kingdom, Bahrain India
88%
Switzerland, United Kingdom Germania
84%
United States, Australia Cina
82%
Switzerland Francia
82%
France Algeria
80%
Brazil Giappone
77%
Russia, Germany Kazakistan
75%
United Kingdom, Bahrain Pakistan
75%
Germany Russia
73%
China Brasile
71%
Germany Turchia
71%
France Tunisia
70%
Russia Bielorussia
68%
Germany Siria
66%
Bahrain Egitto
64%
United Kingdom Irlanda
64%
Germany, United Kingdom Polonia
64%
Australia Nuova Zelanda
63%
Switzerland, France, Brazil Portogallo
63%
Australia Regno Unito
63%
China Indonesia
59%
Bahrain Bangladesh
57%
China Corea del Sud
57%
United States, Australia Vietnam
57%
United States, China, Bahrain Filippine
46%
Switzerland Serbia
45%
China Taiwan
43%
Brazil Bolivia
39%
Russia Uzbekistan
38%
Brazil Paraguay
34%
Russia Azerbaijan
30%
Nessun quiz corrispondente trovato
Distribuzione punteggi
Percentuale di utenti per punteggio
Percentile per numero di risposta
I tuoi punteggi nel tempo
Non hai fatto questo quiz